Statystyki dla Lokacje Fortnite Rozdział 3

Kliknij tutaj aby rozwiązać quiz!

Ogólne statystyki

  • Ten quiz został rozwiązany 43 razy
    (39 od ostatniego zresetowania)
  • Średni wynik to 8 z 34

Statystyki odpowiedzi

SezonMiejscówka% Poprawnych
1-3Daily Bugle
70%
1-4Lepki Lasek
64%
1-4Wykrzywione Wieże
61%
1-3Schronienie
48%
1-4Szosa Chonkersa
42%
1-3Jonesowisko
36%
1-4Cicha Cieśnina
33%
1-4Kamieniste Kino
33%
1-4Słodkie Skrzyżowanie
33%
4Drzewo Rzeczywistości
30%
1-3Kanion Kamienic
30%
3-4Jaskinia Ubawu
27%
1-3Trocinowy Tartak
24%
1-2Przytulny Przylądek
21%
1-4Szemrane Szyby
21%
2Zderzacz
21%
2Forteca
18%
4Fort Jonesy
18%
3Leniwa Laguna
18%
1Potajemna Pieczara
18%
3Wodospad Rzeczywistości
18%
4Sanktuarium Herold
15%
2-4Stacja Synaptyczna
15%
4Lśniąca Laguna
12%
4Chmurne Kamienice
9%
2Jaskinia Dowóctwa
9%
4Straszliwe Skosy
9%
4Świecąca Świątynka
9%
4Wypaczone Wieże
9%
4Połyskliwa Cieśnina
6%
4Skrzydlata Stodoła
6%
3-4Trocinowe Skrzyżowanie
6%
3Trocinowy Lotos
3%
4Chromowe Skrzyżownie
0%

Rozkład punktacji

Percentyl według liczby udzielonych odpowiedzi

Procent ludzi z każdym wynikiem

Twoja historia wyników

Nie rozwiązałeś tego quizu od ostatniego zresetowania